Quizzes
Events
Quiz Creation
Community
Videos
Private Events
Remove Ads
Sign In
Join for FREE
Feedback
Dark Mode
Quiz Categories
Sports
Geography
Music
Movies
Television
Just For Fun
Miscellaneous
History
Literature
Language
Science
Gaming
Entertainment
Religion
Holiday
For Kids
Quiz Lab
Recent
Popular Today
Quiz Kudos Today
Editor Picks
Curator Picks
Quizzes by...
Day
Popularity
Type
Ratings
Length
Year
Community
Subscriptions
Recent Discussions
Orange Saloon
Badges
Playlists
Quests
Create
Leaderboards
Showdown
Live 5
Trivia Bingo
Activity
Puzzle Library
Sporcle Events
Private Events
Virtual Trivia
Globe League
Become a Host
Pub Owners
SporcleCon
Opinionation
Our Games
Videos
Blog
Mobile Apps
Partnerships
Remove Ads and Go Orange
Feedback
Television
TV Characters
TV Show
Sitcom
Network
Friends
Reality Shows
Cast
South Park
Star Trek
The Simpsons
Doctor Who
Television
TV Characters
TV Show
Sitcom
Network
Friends
Reality Shows
Cast
South Park
Star Trek
The Simpsons
Doctor Who
Random Quiz
Search Sporcle
×
Quiz Lab
Quiz Lab
Television
Barney Stinson
Type in answers that appear in a list
Type in answers that appear in a list
Classic
Best Score? Go Orange.
Name the How I Met Your Mother characters Stats
Can you name the Name the How I Met Your Mother characters?
By
MiChiamoElena
10m
59 Questions
302 Plays
302 Plays
302 Plays
Comments
Comments
Give Quiz Kudos
Give Quiz Kudos
-
- Ratings
hide this ad
Replay
Link that replays current quiz
Next Quiz
Link to next quiz in quiz playlist
You Got
0%
They Got
Avg Score
46%
Avg Friend Score
Upgrade to see
Score Distribution
Jump to the score distribution portion of the page
Score
0/59
Timer
10:00
0
Plays Today
% Correct
Ted Mosby
95.7%
Barney Stinson
91.7%
Lily Aldrin
88.1%
Marshall Eriksen
82.8%
Victoria
79.5%
Robin Scherbatsky
78.8%
Stella Zinman
77.5%
Carl the Bartender
72.5%
Wendy the Waitress
68.9%
Zoey Pierson
68.9%
Nora
66.9%
Quinn Garvey
64.6%
James Stinson
63.9%
Loretta Stinson
63.2%
Kevin Kenkataraghavan
61.6%
Don Frank
61.3%
Ranjit
59.3%
The Captain
57.3%
Scooter
53.6%
Virginia Mosby
50.7%
Sandy Rivers
49.7%
Patrice
49%
Judy Eriksen
48.3%
The Mother
48%
Karen
47.7%
Mickey Aldrin
47.4%
Brad Morris
46.7%
Marvin Eriksen Sr
43.7%
Marvin Eriksen Jr
42.7%
Clint
42.4%
% Correct
Natalie
39.1%
Marcus Eriksen
38.4%
'Artillary' Arthur Hobbs
38.1%
Nick Podarutti
36.8%
Jeanette Peterson
36.8%
Son
36.4%
Daughter
35.4%
Gael
35.4%
Stuart Bowers
35.1%
Claudia
35.1%
Abby
34.1%
Adam 'Punchy' Punciarello
32.1%
Jerry Whittaker
30.8%
Bilson
29.5%
Becky
28.5%
Hammond Druthers
28.1%
Cindy
26.8%
Blauman
26.8%
Robin Scherbatsky Sr
25.8%
Trudy
25.8%
Shannon
25.8%
Randy
25.2%
Klaus
24.5%
Mike
24.2%
Simon
23.6%
Alfred Mosby
23.2%
Tony Grafanello
19.2%
Crazy Meg
19.2%
Lou
15.9%
Quiz Playlist
Details
Report
Send in Message
Add To Playlist
Classic:
Type in answers that appear in a list
Last Updated: Feb 16, 2017
Quiz Scoreboard
CHALLENGE
Sign Up to Join the Scoreboard
Show All
Scores
Hide
Comments
May contain spoilers
Recently Published
Movies - When Are They Set?
by FPL_Elf
Movies
5m
Popular People in 1961
by mucciniale
History
6m
1-10 Letter E Words III
by El_Dandy
Language
2m
More to Explore
Quiz From the Vault
Featured Blog Post
Where Did the Easter Bunny Come From?
hide this ad
You Might Also Like...
Tags
Barney Stinson
HIMYM
How I Met Your Mother
Today's Top Quizzes in Television
Browse Television
hide this ad
Today's Top Quizzes in Barney Stinson
Browse Barney Stinson
Top Contributed Quizzes in Television
1
One Piece Logic Puzzle
2
Survivor Logic Puzzle: Heroes vs. Villains
3
Survivor Seasons
4
Survivor Season by Logo
5
Survivor Trivia
6
One Thing in Common: Television
7
Who Wants to Be a Millionaire?
8
Survivor Logic Puzzle: Winners at War
9
Ultimate Survivor Logic Puzzle
10
Phoebe Buffay Quotes
Explore More
Trending Topics
Disney
Kpop
Harry Potter
Crossword
NBA
Anime
Marvel
Country
Soccer
Pokémon
NFL
WWE
Puzzle
Song
The Office
hide this ad
More By:
MiChiamoElena
Quiz
Plays
Rating
Category
Featured
Created
Name the One Tree Hill Characters
1,207
Television
Feb 26, 2013
Name The OC Characters
865
3.50
Television
Feb 26, 2013
Name the How I Met Your Mother characters
302
5.00
Television
Mar 3, 2013
Who said it? Coronation Street
228
5.00
Television
Jun 28, 2022
Go to Creator's Profile
Score Distribution
Quiz Creator Spotlight
MiChiamoElena
Follow
Send a Message
Quizzes Created
-
Created Quiz Play Count
-
More By This Creator
Popular Quizzes Today
1
Find the Countries of Europe - No Outlines Minefield
2
Find the US States - No Outlines Minefield
3
The Countries of the World
4
Popular People in 1961
5
1-10 Letter E Words III
6
US States
7
Find the US States
8
One Thing in Common: World Cities II
More Television Quizzes
Arrowverse 10 to 1
Quiz Lab
Trending Quizzes
Risky Map Clicking: Least Populous States A-Z
Humor Books: The Subtitles
1-10 Letter F Words
1-10 Letter G Words
One Thing in Common: United Kingdom
Recently Updated
Leaping Animals
pecheneg
Reality TV Shows (A-Z)
bhenderson79
Rickey Henderson's Hall of Fame Teammates
pecheneg
Champions League XIs: Arsenal
pecheneg
Quick Pick: Celebrities in WWE's Hall of Fame
aduchscher
A-Z Keypad Blitz II
pecheneg
Multiple Oscar Actors
pecheneg
Mystery Phrase Blitz: Oscar 'Best Actors'
pecheneg
F. Scott Fitzgerald Novels
LTH
Pick 3 Villains
ddd62291
Trending Topics
NBA
Marvel
Disney
Anime
Harry Potter
Crossword
Kpop
Song
Puzzle
Pokémon
NFL
The Office
WWE
Soccer
Country
Your Account Isn't Verified!
In order to create a playlist on Sporcle, you need to verify the email address you used during registration. Go to your
Sporcle Settings
to finish the process.
Report this User
Report this user for behavior that violates our
Community Guidelines
.
Details:
Send Report
Go to the Sporcle.com Mobile Site →
Comments